Groups of Countries (map version) #2 - Statistics

General Stats
  • This quiz has been taken 343 times
  • The average score is 26 of 29
Answers on the Map
Answers color-coded by a green-red scale on the quiz's map according to % correct below.
 
Answer Stats
Answer % Correct
Iran
97%
Iraq
96%
Panama
96%
Turkey
96%
Guatemala
95%
Vietnam
95%
Laos
94%
Nicaragua
94%
Syria
94%
Costa Rica
93%
Honduras
93%
Thailand
93%
Belize
92%
Cambodia
91%
El Salvador
91%
Myanmar
91%
Jordan
89%
Latvia
89%
Malaysia
89%
Belarus
88%
Estonia
88%
Lithuania
88%
Poland
87%
Central African Republic
76%
Republic of the Congo
76%
Cameroon
75%
Gabon
75%
Equatorial Guinea
71%
Brunei
65%
No matching quizzes found
Score Distribution
Percent of People with Each Score
Percentile by Number Answered
Your Score History
You have not taken this quiz